000 00216nam a2200085 4500
001 1254658
005 20251120104113.0
245 _aMACERA GEÇİDİ BÜYÜK YARIŞ
_cTUNCEL ALTINKÖPRÜ
260 _bGENÇ HAYAT YAYINLARI
999 _c1254658
_d1254658